000 00567cam a2200145 4500500
005 20251228053405.0
041 _afre
042 _adc
100 1 0 _aMadeline, Philippe
_eauthor
245 0 0 _aAntoine Paillet, Archéologie de l’agriculture moderne, Paris, Errance, 2005, 288 p., 34 €, isbn 2877722996
260 _c2005.
500 _a3
786 0 _nHistoire & Sociétés Rurales | 24 | 2 | 2005-10-01 | p. 171s-276s | 1254-728X
856 4 1 _uhttps://shs.cairn.info/revue-histoire-et-societes-rurales-2005-2-page-171s?lang=fr&redirect-ssocas=7080
999 _c1585356
_d1585356